000 00627cab a2200229 4500
001 X1102
008 090401t1993 xxu||||| |||| 00| 0 eng d
035 _a(Sirsi) u14698
041 _aeng
100 _aLamden, B.
245 2 _aA few words from the divisional president
260 _c1993
350 _a0
490 _aCS Monthly
_bthe Building Surveyor
_v3(2) October 1993, 8(1)
650 _aARCUK
650 _aCHARTERED BUILDING SURVEYORS
650 _aDIVISIONAL PRESIDENT
650 _aSTRUCTURAL SURVEYS
690 _aMANAGEMENT-BUSINESS MANAGEMENT-PROFESSIONAL PRACTICE
942 _n0
948 _c04/03/1997
999 _c9591
_d9591